O vonkajšej i vnútornej harmónii Michel Quoist: Konštrukcia človeka

Bibliographic Details
Main Author: Vadilová, Mária (Author)
Format: Article
Language:Slovak
PhysicalDescription:Obr.
ISSN:0139-8512
Subjects:

MARC

LEADER 00000nab a2200000 a 4500
001 vtls000760103
003 SK-MaSNL
005 20260303200507.0
008 180205c2001 xo 0 slo
015 |a SNBRB2001/06-18357 
035 |a CLN000111890 
040 |a SNKBUCL  |b slo  |c SNKBUCL  |e AACR2 
041 0 |a slo 
044 |a xo  |c SK 
080 |a 211.1  |2 UDC-MRF-SK2 
100 1 |a Vadilová, Mária  |4 aut  |9 318961 
245 1 0 |a O vonkajšej i vnútornej harmónii  |b Michel Quoist: Konštrukcia človeka  |c Mária Vadilová 
300 |b Obr. 
650 0 7 |a existencia Boha  |2 snkbucl  |9 162453 
655 7 |a články z novín a časopisov  |2 snkbucl  |9 267496 
773 0 |x 0139-8512  |t Katolícke noviny  |g Roč. 116, č. 16 (2001), s. 18 
787 0 8 |i Rec.:  |a Quoist, Michel  |t Konštrukcia človeka  |d Bratislava : Lúč, 2001 
850 |a Slovenská národná knižnica v Martine 
852 |a SNK  |b KIS3GCP 
958 |a RBX 
999 |c 2168331  |d 2170261